00882nam a2200205 a 450000100100000000500170001000800410002704000250006808200180009310000210011124501840013226000400031630000210035649000440037750000730042165100370049470000430053170000570057483000450063100002101520200930011219.0100830s1973 dr 000 0 spa d aDO-SdBNPbspacBNPHU a972.93bT266r1 aTejera, Apolinar10aRectificaciones históricas /cApolinar Tejera ; con introd. y reseña crítica bibliográfica de Jorge Tena Reyes ; Indice de una vida ilustre del Lic. Vetilio Alfau Durán. aSanto Domingo :bLa moderna,c1973. a401 p. ;c23 cm.1 aBiblioteca Pedro Henríquez Ureñav2 aIncluye referencias bibliográficas y notas al pie de las páginas 4aRepública DominicanaxHistoria1 aTena Reyes, Jorge.tLa bella catalina.1 aDurán, Vitilio Alfau.tIndice de una vida ilustre. 0aBiblioteca Pedro Henríquez Ureña;v2